000
00290nam a22001337a 4500
008
181029b xxu||||| |||| 00| 0 eng d
020
_a
2740231736627
041
_a
eng
080
_2
7 ED
_a
710
100
_a
45
101
_a
ART
245
_a
World Of Art
_c
Sayre.H.M
942
_2
udc
_c
BK
999
_c
50999
_d
50999